| 000 | 00880nam a2200277 i 4500 | ||
|---|---|---|---|
| 001 | 11372 | ||
| 003 | ES-MaACL | ||
| 005 | 20250726064520.0 | ||
| 007 | t| | ||
| 008 | 921028s1992 sp |||| | spa d | ||
| 020 | _a84-7100-608-1 | ||
| 080 | _a809.812(091) | ||
| 080 | _a930.85(=981.2 Guaraníes) | ||
| 100 | 1 |
_aMelià, Bartomeu ( _d1932-) _9173059 |
|
| 245 | 1 | 3 |
_aLa lengua guaraní del Paraguay _b: historia, sociedad y literatura / _cBartomeu Meliá. |
| 260 |
_aMadrid : _bMAPFRE, _c[1992] |
||
| 300 |
_a349 p ; _c23 cm. |
||
| 490 | 1 |
_aLenguas y literaturas indígenas ; _v6 |
|
| 500 | _aÍndices. | ||
| 504 | _aBibliografía: p. 305-325. | ||
| 650 | 4 |
_aLengua guaraní- _zParaguay. _9162831 |
|
| 650 | 7 |
_aGuaraníes (Indios) _2embne _9162832 |
|
| 830 | 1 |
_aLenguas y literaturas indígenas ; _v6 _9179031 |
|
| 852 |
_aES-MaACL _jL-18696 |
||
| 999 |
_c11372 _d11372 |
||